00489nam a2200181 a 4500001001300000003000900013005001700022008004100039020000900080082002000089100002900109245003000138260004600168300000800214500003500222650002100257700002900278nice12345678IN_TiNIC20260116014843.0081022s0000 hyda grp 000 0 eng  ac2500a297.12203bABD1 aAbdul Raheem, Abdul Aziz aQuran Majeed Ke 80% Alfaz aHyderabad bHuda Book Distributors c0000 a72p aincludes index and biblioraphy aQuran-Dictionary1 aAbdul Raheem, Abdul Aziz